000
00318nam a2200133Ia 4500
008
240624s9999 xx 000 0 und d
041
_a
eng
082
_a
153.69 GIB
100
_a
FAST JULIUS
245
_a
BODY LANGUAGE
260
_c
1971
_a
New Delhi
_b
Pocket Books
300
_a
183 : p. : cm. ; 16
365
_c
RS
_b
25
999
_c
23652
_d
23652